Anales de la Corona de Aragón / compuestos por Geronimo Çurita ...
Publicado:
Impressos en Çaragoça [Saragossa] :
en el Colegio de S. Vicente Ferrer, por Lorenço de Robles... : a costa de los administradores del General ,
1610
Descripción Física:
6 v. ; 30 cm
Materias:
Corona catalanoaragonesa -- Història
MARC
| LEADER | 00000nam a2200000Ia 4500 | ||
|---|---|---|---|
| 001 | 14671, 14672, 14673, 14674, 14675, 14676 | ||
| 008 | 160829s1610 (por Juan de Lanaja y Quartanet) xx 000 0 cat d | ||
| 080 | |a R-12-165, R-12-166, R-12-167, R-12-168, R-12-169, R-12-170 | ||
| 100 | |a Zurita, Jerónimo |9 38129 | ||
| 245 | |a Anales de la Corona de Aragón / compuestos por Geronimo Çurita ... | ||
| 260 | |a Impressos en Çaragoça [Saragossa] : |b en el Colegio de S. Vicente Ferrer, por Lorenço de Robles... : |b a costa de los administradores del General, |c 1610 (por Juan de Lanaja y Quartanet) | ||
| 300 | |a 6 v. ; |c 30 cm | ||
| 590 | |a Els titol comú dels sis volums és: Anales de la Corona de Aragon. | ||
| 590 | |a Enquadernació amb pergamí. | ||
| 590 | |a Gravat a portada amb tres escuts. | ||
| 590 | |a Caplletres ornamentades. | ||
| 590 | |a Algun volum amb pàg. trencades i sense portada. Conté: Tomo primero - segundo: Los Cinco libros postreros de la primera parte de los Anales de la Corona de Aragon; Tercero: Los Cinco libros primeros de la segunda parte de los Anales de la Corona de Aragon; Quarto: Los Cinco libros postreros de la segunda parte de loa Anales de la Corona de Aragon; Quinto: [Los Cinco libros primeros de la historia del Rey Don Hernando el Catholico : de las empresas y ligas de Italia]; Sexto: Los Cinco libros postreros de la historia del Rey Don Hernando el Catholico : de las empresas y ligas de Italia. | ||
| 590 | |a A la portada: Va añadida de nvevo, en esta impresion, en el vultimo tomo, vna Apologia de Ambrosio de Morales, con vn parecer del doctor Ian Paez de Castro, todo en defensa destos Anales | ||
| 650 | |a Corona catalanoaragonesa |x Història |9 37576 | ||
| 700 | |a Morales, Ambrosio de |9 38130 | ||
| 700 | |a Páez de Castro, Juan |9 38131 | ||
| 700 | |a Lanaja y Quartanet, Juan de |9 22300 | ||
| 901 | |a Arxiu | ||
| 942 | |n 1 | ||
| 952 | |0 0 |1 0 |4 0 |6 R12165_R12166_R12167_R12168_R12169_R12170 |7 1 |9 48280 |a Arxiu |b Arxiu |d 2016-12-01 |l 0 |o R-12-165, R-12-166, R-12-167, R-12-168, R-12-169, R-12-170 |p 14671, 14672, 14673, |r 2016-12-01 00:00:00 |w 2016-12-01 |y ARXIU | ||
| 999 | |c 52086 |d 52086 | ||